Loading...
| Current Events | 1 | 10.00 | 100% | 0% | 0% |
| Fine Arts - Classical Music | 2 | 5.00 | 50% | 0% | 0% |
| Fine Arts - Other | 3 | 3.33 | 33% | 0% | 0% |
| Fine Arts - Painting and Sculpture | 5 | 10.00 | 80% | 20% | 0% |
| History - American | 1 | 20.00 | 100% | 0% | 100% |
| History - European | 4 | 12.50 | 100% | 0% | 25% |
| History - Other | 2 | 15.00 | 100% | 50% | 0% |
| History - World | 5 | 10.00 | 100% | 0% | 0% |
| Literature - American | 4 | 5.00 | 25% | 25% | 0% |
| Literature - British | 3 | 3.33 | 33% | 0% | 0% |
| Literature - European | 2 | 10.00 | 100% | 0% | 0% |
| Literature - World | 1 | 10.00 | 100% | 0% | 0% |
| Mythology | 4 | 12.50 | 100% | 25% | 0% |
| Philosophy | 3 | 6.67 | 67% | 0% | 0% |
| Pop Culture | 1 | 10.00 | 100% | 0% | 0% |
| Religion | 2 | 10.00 | 50% | 0% | 50% |
| Science - Biology | 4 | 7.50 | 75% | 0% | 0% |
| Science - Chemistry | 1 | 0.00 | 0% | 0% | 0% |
| Science - Other | 3 | 10.00 | 100% | 0% | 0% |
| Science - Physics | 2 | 15.00 | 100% | 50% | 0% |
| Social Science | 3 | 10.00 | 100% | 0% | 0% |